UK Towns Quiz - Ceredigion - Wales - Statistics

General Stats
  • This quiz has been taken 31 times
  • The average score is 8 of 17
Answer Stats
Clue Population Town % Correct
A 14,648 Aberystwyth
100%
C 3,765 Cardigan
83%
L 2,504 Lampeter
78%
A 1,044 Aberaeron
72%
B 1,115 Borth
72%
N 1,045 New Quay
61%
T 878 Tregaron
61%
A 1,075 Aberporth
50%
B 1,097 Bow Street
39%
L 1,322 Llandysul
33%
P 1,379 Penrhyn-coch
28%
L 730 Llanilar
22%
L 666 Llanon
22%
T 643 Tal-y-bont
17%
L 1,765 Llanbadarn
11%
L 879 Llechryd
11%
Y 626 Ystrad Aeron
6%
No matching quizzes found
Score Distribution
Percent of People with Each Score
Percentile by Number Answered
Your Score History
You have not taken this quiz